[Event "North Bay int"]
[Site "North Bay CAN"]
[Date "1998.08.06"]
[Round "4"]
[White "Zugic, Igor"]
[Black "Collins, Chris"]
[Result "1-0"]
[WhiteElo "2335"]
[BlackElo "2232"]
[PlyCount "77"]
[EventDate "1998.08.05"]
[EventType "swiss"]
[EventRounds "9"]
[EventCountry "CAN"]
[Source "ChessBase"]
[SourceDate "1998.11.10"]

1. Nf3 Nf6 2. c4 e6 3. d4 d5 4. Nc3 Be7 5. Bg5 O-O 6. e3 Ne4 7. Bxe7 Qxe7 8.
Rc1 Nxc3 9. Rxc3 c6 10. Bd3 Nd7 11. O-O dxc4 12. Bxc4 b6 13. Qc2 Bb7 14. Bd3 f5
15. Qe2 c5 16. Bb5 Nf6 17. dxc5 Ne4 18. Rc2 Nxc5 19. a3 Rac8 20. b4 Ne4 21.
Rfc1 Rxc2 22. Rxc2 Rd8 23. Nd4 Nd6 24. Bc6 e5 25. Nf3 Bxc6 26. Rxc6 b5 27. g3
Nc4 28. a4 Qxb4 29. axb5 e4 30. Nd4 Qb1+ 31. Qf1 Qxf1+ 32. Kxf1 Nd6 33. Kg2 Rd7
34. h3 Kf7 35. g4 fxg4 36. hxg4 h6 37. Kg3 g5 38. Ra6 Kg7 39. Rxd6 1-0

[Event "North Bay int"]
[Site "North Bay CAN"]
[Date "1998.08.07"]
[Round "5"]
[White "Olszewski, Piotr"]
[Black "Zugic, Igor"]
[Result "1/2-1/2"]
[WhiteElo "2315"]
[BlackElo "2335"]
[PlyCount "129"]
[EventDate "1998.08.05"]
[EventType "swiss"]
[EventRounds "9"]
[EventCountry "CAN"]
[Source "ChessBase"]
[SourceDate "1998.11.10"]

1. Nf3 Nf6 2. g3 d5 3. Bg2 g6 4. O-O Bg7 5. c4 c6 6. d4 O-O 7. cxd5 cxd5 8. Nc3
Ne4 9. Nxe4 dxe4 10. Ng5 Qxd4 11. Nxe4 Nc6 12. Qxd4 Bxd4 13. Nc3 Be6 14. Bd2
Rac8 15. Rfd1 Bg7 16. Nd5 Rfd8 17. Be3 Bg4 18. Kf1 b6 19. Rac1 Kf8 20. Bg5 h6
21. Be3 g5 22. Nc3 Nd4 23. Rd2 Nf5 24. Rxd8+ Rxd8 25. Nd1 Nxe3+ 26. Nxe3 Rc8
27. Rxc8+ Bxc8 28. b3 e6 29. Ke1 Bc3+ 30. Kd1 Ba6 31. Nc4 Ke7 32. Kc2 Be1 33.
f3 f6 34. e4 h5 35. Kd1 Bf2 36. Ke2 Bg1 37. h3 Bc5 38. Kd3 b5 39. Ne3 Bd6 40.
g4 h4 41. Bf1 Bb7 42. Kd4 Bc6 43. Nc2 a6 44. Ne1 Kd7 45. Nd3 Kc7 46. b4 Kb6 47.
a3 Bh2 48. Bg2 Bg1+ 49. Kc3 Kc7 50. Kb3 Bd4 51. Kc2 Kd6 52. Kb3 Be8 53. Kc2 Bf7
54. Kb3 Kc6 55. Kc2 Kb6 56. Kb3 a5 57. Kc2 Be3 58. Bf1 Bg8 59. Be2 e5 60. Bf1
Bc4 61. Be2 a4 62. Kb2 Kc6 63. Kc2 Bd4 64. Kb1 Be3 65. Kb2 1/2-1/2

[Event "North Bay int"]
[Site "North Bay CAN"]
[Date "1998.08.07"]
[Round "6"]
[White "Zugic, Igor"]
[Black "Zaderman, Yuri"]
[Result "1-0"]
[WhiteElo "2335"]
[BlackElo "2265"]
[PlyCount "91"]
[EventDate "1998.08.05"]
[EventType "swiss"]
[EventRounds "9"]
[EventCountry "CAN"]
[Source "ChessBase"]
[SourceDate "1998.11.10"]

1. d4 d5 2. c4 e6 3. Nc3 Nf6 4. Bg5 Be7 5. cxd5 exd5 6. e3 O-O 7. Bd3 Be6 8.
Nge2 Nbd7 9. O-O h6 10. Bf4 Nh5 11. h3 Ndf6 12. Bh2 g5 13. f4 Ng7 14. fxg5 hxg5
15. Bc2 Ne4 16. Qd3 f5 17. g4 Nd6 18. Be5 Ne4 19. Bxg7 Kxg7 20. gxf5 Bxf5 21.
Rxf5 Rxf5 22. Nxe4 dxe4 23. Qxe4 Rf6 24. Ng3 Kf8 25. Qh7 Ke8 26. Nh5 Rf8 27.
Qg6+ Kd7 28. Bf5+ Rxf5 29. Qxf5+ Kc6 30. Qa5 Qd6 31. Rc1+ Kd7 32. Qf5+ Kd8 33.
Kg2 c6 34. Ng7 Qb4 35. Ne6+ Ke8 36. Rc2 Qd6 37. Nc5 Rb8 38. Rf2 Kd8 39. Ne4 Qh6
40. Qe5 Rc8 41. d5 g4 42. hxg4 Qg6 43. d6 Qxg4+ 44. Ng3 Bh4 45. Rf8+ Kd7 46.
Rf7+ 1-0

[Event "North Bay int"]
[Site "North Bay CAN"]
[Date "1998.08.08"]
[Round "7"]
[White "Oratovsky, Michael"]
[Black "Zugic, Igor"]
[Result "1/2-1/2"]
[WhiteElo "2465"]
[BlackElo "2335"]
[PlyCount "69"]
[EventDate "1998.08.05"]
[EventType "swiss"]
[EventRounds "9"]
[EventCountry "CAN"]
[Source "ChessBase"]
[SourceDate "1998.11.10"]

1. e4 e6 2. d3 c5 3. g3 Nc6 4. Bg2 g6 5. Nc3 Bg7 6. Be3 d6 7. Nge2 Nd4 8. O-O
Ne7 9. Rb1 O-O 10. a3 e5 11. b4 b6 12. f4 Be6 13. bxc5 dxc5 14. fxe5 Bxe5 15.
Nf4 Bd7 16. Qd2 Bc6 17. Rbe1 Qd6 18. Nfd5 Nxd5 19. exd5 Bb7 20. Bh6 Bg7 21. Ne4
Qd8 22. Bxg7 Kxg7 23. Nf6 Bc8 24. Re5 h6 25. g4 Bf5 26. c3 Nb3 27. Qe3 Qxf6 28.
gxf5 g5 29. Re7 Rad8 30. Rxa7 Rfe8 31. Be4 Na5 32. Qf3 Rd6 33. c4 Nb3 34. Qh5
Nd2 35. Re1 1/2-1/2

[Event "North Bay int"]
[Site "North Bay CAN"]
[Date "1998.08.09"]
[Round "9"]
[White "Zugic, Igor"]
[Black "Dougherty, Michael"]
[Result "1-0"]
[WhiteElo "2335"]
[BlackElo "2295"]
[PlyCount "75"]
[EventDate "1998.08.05"]
[EventType "swiss"]
[EventRounds "9"]
[EventCountry "CAN"]
[Source "ChessBase"]
[SourceDate "1998.11.10"]

1. Nf3 g6 2. d4 Bg7 3. g3 d6 4. Bg2 Nc6 5. O-O Bd7 6. c4 Qc8 7. Nc3 a6 8. Re1
Bg4 9. d5 Ne5 10. Nxe5 Bxe5 11. Qd3 h5 12. h4 Bh3 13. Bh1 Nh6 14. Bxh6 Rxh6 15.
e4 f6 16. f4 Bxc3 17. Qxc3 Rh7 18. e5 fxe5 19. fxe5 Rf7 20. e6 Rf6 21. Bg2 Bf5
22. c5 Kf8 23. cxd6 cxd6 24. Qxc8+ Rxc8 25. Rac1 Rb8 26. Rc7 Bd3 27. a4 b5 28.
a5 Rf5 29. Re3 Bc4 30. Rf3 Rxf3 31. Bxf3 Kg7 32. Rxe7+ Kf6 33. Ra7 b4 34. Rc7
Bb5 35. Kf2 Ke5 36. Ke3 Be8 37. Be4 b3 38. Ra7 1-0

[Event "Toronto int."]
[Site "Toronto CAN"]
[Date "1998.05.14"]
[Round "1"]
[White "Zugic, Igor"]
[Black "Southam, David"]
[Result "1-0"]
[WhiteElo "2330"]
[BlackElo "2155"]
[PlyCount "81"]
[EventDate "1998.05.14"]
[EventType "swiss"]
[EventRounds "9"]
[EventCountry "CAN"]
[Source "ChessBase"]
[SourceDate "1998.09.09"]

1. d4 g6 2. c4 Bg7 3. Nf3 d6 4. g3 e5 5. Nc3 Nc6 6. dxe5 dxe5 7. Qxd8+ Nxd8 8.
Nb5 Ne6 9. Ng5 Nxg5 10. Bxg5 h6 11. Nxc7+ Kd7 12. Nxa8 hxg5 13. Rd1+ Ke7 14.
Nc7 Nf6 15. Bg2 e4 16. O-O Ng4 17. Nd5+ Kf8 18. h3 Ne5 19. Ne3 f5 20. Rd8+ Ke7
21. Rxh8 Bxh8 22. b3 Be6 23. Rd1 Nc6 24. Nc2 a5 25. f3 f4 26. gxf4 gxf4 27.
fxe4 Be5 28. Kf2 g5 29. e3 g4 30. hxg4 Bxg4 31. Bf3 Be6 32. exf4 Bxf4 33. Nd4
Nxd4 34. Rxd4 Be5 35. Rd2 b6 36. Ke3 Bc3 37. Rg2 Be5 38. Kd3 Kd6 39. Rg6 Ke7
40. Bg4 Bxg4 41. Rxg4 1-0

[Event "Toronto int."]
[Site "Toronto CAN"]
[Date "1998.05.15"]
[Round "3"]
[White "Zugic, Igor"]
[Black "Davies, Nigel"]
[Result "1/2-1/2"]
[WhiteElo "2330"]
[BlackElo "2515"]
[PlyCount "74"]
[EventDate "1998.05.14"]
[EventType "swiss"]
[EventRounds "9"]
[EventCountry "CAN"]
[Source "ChessBase"]
[SourceDate "1998.09.09"]

1. d4 d6 2. c4 e5 3. dxe5 dxe5 4. Qxd8+ Kxd8 5. Nc3 c6 6. Nf3 f6 7. b3 Kc7 8.
Bb2 Nh6 9. h3 a5 10. g4 Na6 11. O-O-O Nc5 12. Nd2 a4 13. Nce4 Nf7 14. Nxc5 Bxc5
15. Ne4 Be7 16. e3 Be6 17. Be2 b5 18. Kc2 axb3+ 19. axb3 bxc4 20. bxc4 Bb4 21.
Ra1 Nd6 22. Nxd6 Kxd6 23. f4 exf4 24. Rhd1+ Kc7 25. exf4 Bc5 26. Rxa8 Rxa8 27.
Ra1 Re8 28. Bd3 Bf7 29. Rd1 Bg6 30. f5 Bf7 31. Bc1 Bd4 32. Bf4+ Be5 33. Bxe5+
Rxe5 34. Ra1 Kb6 35. Rb1+ Kc7 36. Ra1 Kb6 37. Rb1+ Kc7 1/2-1/2

[Event "Toronto int."]
[Site "Toronto CAN"]
[Date "1998.05.16"]
[Round "4"]
[White "Zugic, Igor"]
[Black "Stripunsky, Alexander"]
[Result "1/2-1/2"]
[WhiteElo "2330"]
[BlackElo "2475"]
[PlyCount "137"]
[EventDate "1998.05.14"]
[EventType "swiss"]
[EventRounds "9"]
[EventCountry "CAN"]
[Source "ChessBase"]
[SourceDate "1998.09.09"]

1. d4 d5 2. c4 c6 3. Nf3 Nf6 4. Nc3 e6 5. Bg5 h6 6. Bxf6 Qxf6 7. e3 Bd6 8. a3
Qe7 9. Bd3 Nd7 10. cxd5 exd5 11. O-O Nf6 12. Qc2 O-O 13. Rfe1 Bg4 14. Nd2 Rad8
15. Bf5 Rfe8 16. Rac1 g6 17. Bd3 Be6 18. h3 Bb8 19. f4 c5 20. Nf3 c4 21. Bf1
Bf5 22. Qf2 Ne4 23. Nxe4 Bxe4 24. Nd2 b5 25. Nxe4 Qxe4 26. g3 a5 27. Bg2 Qe6
28. Kh2 Qd6 29. Rcd1 Rd7 30. Re2 Bc7 31. Qf3 Bb6 32. h4 h5 33. f5 Bc7 34. Rf1
Qf6 35. Kg1 Kg7 36. Bh3 Rde7 37. Qxd5 Rxe3 38. fxg6 Rxg3+ 39. Bg2 Rxe2 40. Rxf6
Rexg2+ 41. Kf1 Rg1+ 42. Ke2 R1g2+ 43. Rf2 Rxf2+ 44. Kxf2 Rxg6 45. Qxh5 b4 46.
Qc5 bxa3 47. bxa3 Bb6 48. Qe5+ Kg8 49. Kf3 c3 50. d5 c2 51. Qc3 Rf6+ 52. Kg4
Rf2 53. d6 Bd4 54. Qc8+ Kg7 55. d7 Bf6 56. h5 Rd2 57. Qc6 Rd4+ 58. Kf3 Rxd7 59.
Qxc2 Rd5 60. Qg2+ Kh7 61. Qg4 Rg5 62. Qf4 Kg7 63. Qh2 Kh7 64. Qd6 Kg7 65. h6+
Kg6 66. Qf8 Rh5 67. Qg8+ Kxh6 68. Qxf7 Bg7 69. Qe6+ 1/2-1/2

[Event "Toronto int."]
[Site "Toronto CAN"]
[Date "1998.05.16"]
[Round "5"]
[White "Garcia, Gildardo"]
[Black "Zugic, Igor"]
[Result "1/2-1/2"]
[WhiteElo "2505"]
[BlackElo "2330"]
[PlyCount "120"]
[EventDate "1998.05.14"]
[EventType "swiss"]
[EventRounds "9"]
[EventCountry "CAN"]
[Source "ChessBase"]
[SourceDate "1998.09.09"]

1. e4 Nf6 2. e5 Nd5 3. d4 d6 4. Nf3 dxe5 5. Nxe5 g6 6. c4 Nb6 7. Nc3 Bg7 8. Bf4
Nc6 9. Nxc6 bxc6 10. Be5 Bxe5 11. dxe5 Qxd1+ 12. Rxd1 Be6 13. b3 Nd7 14. f4 Bg4
15. Rd2 O-O-O 16. h3 Be6 17. g3 Nc5 18. Rhh2 Bf5 19. Rxd8+ Rxd8 20. Rd2 Ne4 21.
Rxd8+ Kxd8 22. Ne2 Nc5 23. Nd4 Kd7 24. g4 Bb1 25. Kd2 f5 26. gxf5 Bxf5 27. Ke3
Ne6 28. b4 c5 29. Nxe6 Bxe6 30. bxc5 c6 31. Kf3 Bf5 32. Kg3 e6 33. Kh4 h6 34.
Kg3 Kc7 35. Kf2 Kd7 36. Ke3 h5 37. h4 Kc7 38. Kd4 Kb7 39. Bg2 Kc7 40. Kc3 Kb7
41. Kb4 Bg4 42. Kc3 Bf5 43. Kd4 Kc7 44. Bf3 Kb7 45. a3 Kc7 46. Bd1 Kc8 47. Ba4
Kc7 48. Kc3 Kb7 49. Kb4 Be4 50. Ka5 Bd3 51. Bb5 Bc2 52. Ba6+ Kc7 53. Kb4 Bf5
54. Kc3 Kb8 55. Kd4 Kc7 56. a4 Kb8 57. a5 Kc7 58. Kc3 Kb8 59. Kd4 Kc7 60. Kc3
Kb8 1/2-1/2

[Event "Toronto int."]
[Site "Toronto CAN"]
[Date "1998.05.18"]
[Round "8"]
[White "Khassanov, Marat"]
[Black "Zugic, Igor"]
[Result "1/2-1/2"]
[WhiteElo "2265"]
[BlackElo "2330"]
[PlyCount "43"]
[EventDate "1998.05.14"]
[EventType "swiss"]
[EventRounds "9"]
[EventCountry "CAN"]
[Source "ChessBase"]
[SourceDate "1998.09.09"]

1. e4 e6 2. d4 d5 3. Nd2 Nf6 4. e5 Nfd7 5. Bd3 c5 6. c3 Nc6 7. Ne2 Qb6 8. Nf3
cxd4 9. cxd4 f6 10. exf6 Nxf6 11. O-O Bd6 12. Nc3 O-O 13. Be3 Bd7 14. Ne5 Be8
15. a3 Kh8 16. Kh1 Rc8 17. f4 Bh5 18. Qc2 g5 19. Rae1 Qd8 20. fxg5 Bxe5 21.
dxe5 Ng4 22. Bf4 1/2-1/2

[Event "Toronto int."]
[Site "Toronto CAN"]
[Date "1998.05.18"]
[Round "9"]
[White "Ziatdinov, Raset"]
[Black "Zugic, Igor"]
[Result "1-0"]
[WhiteElo "2515"]
[BlackElo "2330"]
[PlyCount "81"]
[EventDate "1998.05.14"]
[EventType "swiss"]
[EventRounds "9"]
[EventCountry "CAN"]
[Source "ChessBase"]
[SourceDate "1998.09.09"]

1. e4 Nf6 2. e5 Nd5 3. d4 d6 4. c4 Nb6 5. exd6 cxd6 6. Nc3 g6 7. Be3 Bg7 8. h3
O-O 9. Nf3 Nc6 10. Rc1 e6 11. b3 Re8 12. Be2 Bd7 13. O-O d5 14. c5 Nc8 15. a3
a6 16. b4 N8e7 17. g4 e5 18. dxe5 Nxe5 19. Nxe5 Bxe5 20. Nxd5 Nxd5 21. Qxd5 Qc7
22. Qg2 Bb2 23. Rb1 Be5 24. Bf3 Rab8 25. Rfc1 Be6 26. Bd5 Bxd5 27. Qxd5 Rbd8
28. Qf3 Rd3 29. c6 b5 30. Rd1 Red8 31. Rxd3 Rxd3 32. Qe4 Rd8 33. Rc1 Rc8 34.
Bh6 Qd6 35. Rc5 f6 36. a4 g5 37. Kg2 Bf4 38. axb5 axb5 39. Rd5 Qxc6 40. Rd8+
Kf7 41. Rf8+ 1-0

[Event "CYCC-U18"]
[Site "Montreal CAN"]
[Date "1998.01.31"]
[Round "1"]
[White "Zugic, Igor"]
[Black "Wu, Douglas"]
[Result "1-0"]
[WhiteElo "2375"]
[BlackElo "1979"]
[PlyCount "96"]
[EventDate "1998.01.31"]
[EventType "swiss"]
[EventRounds "5"]
[EventCountry "CAN"]

1. d4 Nf6 2. Nf3 g6 3. g3 Bg7 4. Bg2 O-O 5. O-O d6 6. c4 Nbd7 7. Nc3 e5 8. e4
c6 9. h3 a6 10. Qc2 Rb8 11. Rd1 Qc7 12. Be3 b5 13. dxe5 dxe5 14. a3 bxc4 15.
Na4 Bb7 16. Nd2 Rfc8 17. Nxc4 Bf8 18. Ba7 Ra8 19. Bb6 Qb8 20. Be3 Rd8 21. Ncb6
Nxb6 22. Nxb6 Ra7 23. Rxd8 Qxd8 24. Rd1 Qe7 25. b4 a5 26. Nc4 Ra8 27. Nxa5 Qc7
28. Bc5 Nd7 29. Bxf8 Nxf8 30. Kh2 Ne6 31. Qb2 Rb8 32. Nc4 f6 33. Qa2 Kf8 34.
Nb6 Nd4 35. Na4 Bc8 36. Nc5 Ra8 37. Qb2 Qa7 38. Ra1 Rb8 39. Qc3 Qb6 40. f4 Qb5
41. fxe5 fxe5 42. Rf1+ Kg7 43. Qe3 Qb6 44. Qf2 Qd8 45. Rd1 Ra8 46. Qb2 Qf6 47.
Rf1 Qd8 48. Nb3 Ba6 1-0

[Event "CYCC-U18"]
[Site "Montreal CAN"]
[Date "1998.01.31"]
[Round "2"]
[White "Hua, Lefong"]
[Black "Zugic, Igor"]
[Result "1/2-1/2"]
[WhiteElo "2317"]
[BlackElo "2375"]
[PlyCount "61"]
[EventDate "1998.01.31"]
[EventType "swiss"]
[EventRounds "5"]
[EventCountry "CAN"]

1. c4 e5 2. g3 Nc6 3. Bg2 g6 4. Nc3 Bg7 5. d3 Nge7 6. e3 d6 7. Nge2 Be6 8. Nd5
O-O 9. O-O Qd7 10. Rb1 Nd8 11. b4 c6 12. Nxe7+ Qxe7 13. b5 c5 14. Nc3 Qd7 15.
Re1 f5 16. Nd5 Kh8 17. f4 Bg8 18. Qc2 Ne6 19. Bb2 Rac8 20. Bc3 Nc7 21. Nxc7
Qxc7 22. Qb2 b6 23. Rbc1 Rcd8 24. a4 exf4 25. exf4 Bxc3 26. Qxc3+ Qg7 27. Qxg7+
Kxg7 28. Re7+ Rf7 29. Rce1 Kf8 30. R7e3 Rc7 31. Bc6 1/2-1/2

[Event "CYCC-U18"]
[Site "Montreal CAN"]
[Date "1998.02.01"]
[Round "5"]
[White "Zugic, Igor"]
[Black "Goldenberg, Danny"]
[Result "1-0"]
[WhiteElo "2375"]
[BlackElo "2388"]
[PlyCount "71"]
[EventDate "1998.01.31"]
[EventType "swiss"]
[EventRounds "5"]
[EventCountry "CAN"]

1. d4 Nf6 2. Nf3 c5 3. c4 cxd4 4. Nxd4 e5 5. Nb5 d5 6. cxd5 Bc5 7. N5c3 O-O 8.
g3 Ng4 9. e3 f5 10. Be2 Nf6 11. a3 a5 12. Nd2 Nbd7 13. Nc4 Rb8 14. Qa4 Qe7 15.
Nxa5 Nb6 16. Qb5 Bd7 17. Qd3 e4 18. Qd2 Be8 19. b4 Bd6 20. Bb2 Bf7 21. Nc4 Nxc4
22. Bxc4 Rbc8 23. Be2 Rfd8 24. O-O Be5 25. Nb5 Nxd5 26. Bxe5 Qxe5 27. Rac1 Ra8
28. Rfd1 Qf6 29. Qc2 Qg5 30. Bc4 Rd7 31. Qb3 Rad8 32. Nc3 Nxc3 33. Bxf7+ Rxf7
34. Rxd8+ Qxd8 35. Qxc3 h6 36. Qc8 1-0

[Event "CAN-ch U20 1996-97"]
[Site "Edmonton CAN"]
[Date "1996.12.27"]
[Round "1"]
[White "Zugic, Igor"]
[Black "Goldenberg, Danny"]
[Result "0-1"]
[WhiteElo "2277"]
[BlackElo "2355"]
[PlyCount "138"]
[EventDate "1996.12.27"]
[EventType "tourn"]
[EventRounds "11"]
[EventCountry "CAN"]

1. d4 Nf6 2. Bg5 c5 3. Bxf6 gxf6 4. d5 Qb6 5. Qc1 f5 6. e3 e6 7. c3 Bg7 8. Bc4
O-O 9. Ne2 e5 10. Nd2 Qg6 11. g3 Na6 12. Bxa6 Qxa6 13. c4 b5 14. O-O bxc4 15.
Nxc4 Qg6 16. Qc2 Ba6 17. Rac1 Rab8 18. b3 Qh5 19. f4 e4 20. Rf2 d6 21. Kh1 Qg4
22. Ng1 Rfd8 23. Rg2 h5 24. Qd2 Rb4 25. Na5 Rc8 26. Nc6 Rb7 27. Na5 Rb4 28. Nc6
Rb7 29. Na5 Rd7 30. Nc4 Qg6 31. Qa5 Bb7 32. Qd2 Qf6 33. Rc2 Qe7 34. Rc1 Rcc7
35. Qd1 Qf6 36. Na5 Ba8 37. Rd2 Qg6 38. Rg2 Kf8 39. Qd2 Qf6 40. Qd1 Qg6 41.
Rgc2 Qg4 42. Qd2 Bf6 43. b4 Rc8 44. bxc5 dxc5 45. Rxc5 Rcd8 46. Rc8 Bxd5 47.
Rxd8+ Rxd8 48. Qf2 h4 49. gxh4 Qxh4 50. Qe2 Kg7 51. Rd1 Qg4 52. Qxg4+ fxg4 53.
Nb3 Bc4 54. Rxd8 Bxd8 55. Kg2 a5 56. Nc1 Be7 57. Nge2 Ba3 58. Kf2 Kg6 59. Nb3
a4 60. Nbc1 Bb4 61. Nd4 Bd2 62. Nce2 Bxa2 63. Nc2 Bb1 64. Ned4 Bc1 65. Ke2 Bb2
66. Kd2 a3 67. Nb3 a2 68. Nca1 Bd3 69. Kd1 Kh5 0-1

[Event "CAN-ch U20 1996-97"]
[Site "Edmonton CAN"]
[Date "1996.12.27"]
[Round "2"]
[White "Dutton, Warren"]
[Black "Zugic, Igor"]
[Result "0-1"]
[WhiteElo "2006"]
[BlackElo "2277"]
[PlyCount "86"]
[EventDate "1996.12.27"]
[EventType "tourn"]
[EventRounds "11"]
[EventCountry "CAN"]

1. e4 e6 2. d4 d5 3. Nd2 Nf6 4. e5 Nfd7 5. f4 c5 6. c3 f5 7. Ndf3 Be7 8. Ne2
Nc6 9. g3 Qa5 10. Bg2 Qc7 11. O-O c4 12. Kh1 b5 13. Neg1 Nb6 14. Ng5 Bxg5 15.
fxg5 g6 16. g4 Ne7 17. gxf5 gxf5 18. Qh5+ Ng6 19. Nh3 Qf7 20. Bf3 Bd7 21. Nf4
Nxf4 22. Bxf4 Qxh5 23. Bxh5+ Kd8 24. g6 hxg6 25. Bxg6 Be8 26. Bg5+ Kd7 27.
Bxe8+ Kxe8 28. Rg1 Kf7 29. Bf6 Rhg8 30. b3 Rxg1+ 31. Rxg1 Rg8 32. Rxg8 Kxg8 33.
Bd8 Nd7 34. Kg2 Kf7 35. Kf3 Kg6 36. Kf4 Nb8 37. b4 Nd7 38. h3 Kh5 39. Kf3 Nb8
40. Kf4 Nc6 41. Bf6 Nxb4 42. cxb4 c3 43. Ke3 f4+ 0-1

[Event "CAN-ch U20 1996-97"]
[Site "Edmonton CAN"]
[Date "1996.12.28"]
[Round "4"]
[White "Marshall, Peter"]
[Black "Zugic, Igor"]
[Result "1/2-1/2"]
[WhiteElo "2231"]
[BlackElo "2277"]
[PlyCount "92"]
[EventDate "1996.12.27"]
[EventType "tourn"]
[EventRounds "11"]
[EventCountry "CAN"]

1. d4 e6 2. c4 d5 3. Nc3 c6 4. Nf3 f5 5. g3 Nf6 6. Bg2 Be7 7. O-O O-O 8. a3 Ne4
9. Qc2 Nd7 10. b4 Nb6 11. Ne5 Bf6 12. c5 Bxe5 13. dxe5 Nxc3 14. Qxc3 Nc4 15.
Be3 b5 16. a4 Ba6 17. a5 Bc8 18. Bd4 Bd7 19. Qc1 g5 20. Be3 h6 21. h4 Nxe3 22.
Qxe3 Rf7 23. hxg5 hxg5 24. f4 Rg7 25. Ra3 Qe7 26. Qf3 Rf8 27. e3 Rff7 28. Kf2
gxf4 29. exf4 Rh7 30. Raa1 Be8 31. Rh1 Rxh1 32. Rxh1 Rh7 33. Bf1 Bg6 34. Be2
Kf8 35. Kg1 a6 36. Qg2 Qf7 37. Rxh7 Qxh7 38. Qh2 Kg7 39. Qh4 Qxh4 40. gxh4 Kh6
41. Kf2 Bh5 42. Bd3 Kg7 43. Bc2 Kf7 44. Kg3 Kg7 45. Kf2 Kh6 46. Bd3 Kg7 1/2-1/2

[Event "CAN-ch U20 1996-97"]
[Site "Edmonton CAN"]
[Date "1996.12.29"]
[Round "5"]
[White "Zugic, Igor"]
[Black "McLean, Nathan"]
[Result "1-0"]
[WhiteElo "2277"]
[BlackElo "2012"]
[PlyCount "89"]
[EventDate "1996.12.27"]
[EventType "tourn"]
[EventRounds "11"]
[EventCountry "CAN"]

1. d4 Nf6 2. Nf3 d5 3. g3 e6 4. Bg2 Be7 5. O-O O-O 6. b3 c5 7. dxc5 Bxc5 8. Bb2
Nc6 9. e3 Re8 10. Ne5 Nxe5 11. Bxe5 Nd7 12. Bb2 Nb6 13. e4 dxe4 14. Bxe4 Qxd1
15. Rxd1 f5 16. Bg2 e5 17. Ba3 Bxa3 18. Nxa3 a6 19. Rd6 Nd7 20. Bxb7 Bxb7 21.
Rxd7 Be4 22. Rad1 Kf8 23. R1d2 Re7 24. Rxe7 Kxe7 25. Nc4 Rd8 26. Rxd8 Kxd8 27.
c3 Bb1 28. Nxe5 Bxa2 29. b4 Kc7 30. f4 Kb6 31. Kf2 Kb5 32. Ke3 Be6 33. Kd4 g6
34. h4 Bg8 35. Nd7 Bf7 36. Nf6 h6 37. Nd5 h5 38. c4+ Kc6 39. Ke5 Kd7 40. Kf6
Bxd5 41. cxd5 Kd6 42. Kxg6 Kxd5 43. Kxh5 Kc4 44. Kg5 Kxb4 45. h5 1-0

[Event "CAN-ch U20 1996-97"]
[Site "Edmonton CAN"]
[Date "1996.12.29"]
[Round "6"]
[White "Hua, Lefong"]
[Black "Zugic, Igor"]
[Result "1/2-1/2"]
[WhiteElo "2248"]
[BlackElo "2277"]
[PlyCount "64"]
[EventDate "1996.12.27"]
[EventType "tourn"]
[EventRounds "11"]
[EventCountry "CAN"]

1. d4 d5 2. c4 e6 3. cxd5 exd5 4. Nc3 Be7 5. Nf3 Nf6 6. Bg5 c6 7. Qc2 Nbd7 8.
e3 O-O 9. Bd3 Re8 10. O-O-O Nf8 11. h3 Ne4 12. Bxe4 Bxg5 13. Bd3 Be6 14. Ne2
Bf6 15. Kb1 Rc8 16. Rc1 b6 17. Nf4 c5 18. Nxe6 fxe6 19. Ba6 Rc7 20. Qe2 c4 21.
Bb5 Ree7 22. e4 dxe4 23. Qxe4 Qd5 24. Qxd5 exd5 25. Rhe1 Ne6 26. g3 Bxd4 27.
Rxe6 Rxe6 28. Nxd4 Re4 29. Rd1 g6 30. Bc6 Rxd4 31. Rxd4 Rxc6 32. Rxd5 Rf6
1/2-1/2

[Event "CAN-ch U20 1996-97"]
[Site "Edmonton CAN"]
[Date "1996.12.30"]
[Round "7"]
[White "Zugic, Igor"]
[Black "Henson, Joshua"]
[Result "1-0"]
[WhiteElo "2277"]
[BlackElo "1873"]
[PlyCount "149"]
[EventDate "1996.12.27"]
[EventType "tourn"]
[EventRounds "11"]
[EventCountry "CAN"]

1. d4 Nf6 2. c4 e6 3. Nf3 b6 4. g3 Bb7 5. Bg2 Be7 6. Nc3 O-O 7. O-O Ne4 8. Qc2
Nxc3 9. Qxc3 d5 10. cxd5 exd5 11. b3 Nd7 12. Bb2 Bf6 13. Qd2 Re8 14. Rac1 Rc8
15. e3 Qe7 16. Rc2 c6 17. Rfc1 g6 18. Ne1 Bg7 19. Nd3 Bf8 20. Bc3 Qe6 21. Bb4
Bg7 22. Nf4 Qf6 23. Bh3 Qd8 24. Qd1 f5 25. Bg2 Nf6 26. Nd3 Ne4 27. Be1 Qd7 28.
f3 Nd6 29. Bd2 Nf7 30. f4 Qe6 31. Ne5 Bf8 32. Bf3 Nh6 33. h3 Ba3 34. Rb1 Bd6
35. b4 b5 36. Rbc1 Bf8 37. Kh2 Kh8 38. a3 Re7 39. Qh1 Ree8 40. Qg2 Bg7 41. Be1
Bf8 42. g4 Be7 43. g5 Nf7 44. h4 Kg7 45. h5 Red8 46. Qf2 Re8 47. Kg1 Red8 48.
Nd3 Re8 49. Re2 Bd6 50. Bd2 Qe7 51. Qh4 Rg8 52. Ne5 Qe6 53. Rh2 Kf8 54. Kf2 Ke7
55. Nd3 Nd8 56. Rc2 Qf7 57. Rh1 Rc7 58. Rhc1 Ba8 59. Qh1 Ne6 60. Nc5 Rcc8 61.
Nb3 Rc7 62. Nc5 Rcc8 63. Qh4 Nd8 64. Bc3 Ne6 65. Nd3 Nd8 66. Bb2 Qe6 67. Be2
Rb8 68. Ne5 Bc7 69. hxg6 hxg6 70. Qh7+ Kd6 71. Rh1 Qe8 72. Rh6 Ne6 73. Rxg6 Rf8
74. Bh5 Bd8 75. Rg7 1-0

[Event "CAN-ch U20 1996-97"]
[Site "Edmonton CAN"]
[Date "1996.12.30"]
[Round "8"]
[White "Lou Meng"]
[Black "Zugic, Igor"]
[Result "0-1"]
[WhiteElo "2274"]
[BlackElo "2277"]
[PlyCount "110"]
[EventDate "1996.12.27"]
[EventType "tourn"]
[EventRounds "11"]
[EventCountry "CAN"]

1. d4 Nf6 2. Nf3 d5 3. c4 g6 4. Nc3 Bg7 5. Bg5 Ne4 6. cxd5 Nxg5 7. Nxg5 e6 8.
Nf3 exd5 9. e3 a5 10. Bd3 O-O 11. O-O Re8 12. Na4 Bf8 13. Qc2 c6 14. a3 Nd7 15.
Rfc1 Rb8 16. Nc3 b6 17. Qd2 Bb7 18. Rab1 b5 19. Ne2 Bd6 20. Ng3 a4 21. Re1 f5
22. Qc2 Qf6 23. Re2 Kh8 24. Rbe1 Ba8 25. Nf1 Rec8 26. Qd1 h6 27. Bb1 Bb7 28. h3
Rd8 29. N3d2 Ba6 30. Bd3 c5 31. Nf3 c4 32. Bb1 c3 33. bxc3 Bxa3 34. Ra2 Bd6 35.
N3h2 Rdc8 36. g4 Rxc3 37. gxf5 gxf5 38. Qf3 a3 39. Ng3 Bxg3 40. fxg3 Rf8 41.
Qxd5 Nb6 42. Qg2 b4 43. g4 Qe7 44. e4 fxe4 45. Rf2 e3 46. Rxf8+ Qxf8 47. g5
hxg5 48. Ng4 e2 49. Nf2 Qf4 50. Kh1 Rg3 51. Qc6 Qf3+ 52. Qxf3 Rxf3 53. Kg2 Rb3
54. d5 Nxd5 55. h4 gxh4 0-1

[Event "CAN-ch U20 1996-97"]
[Site "Edmonton CAN"]
[Date "1996.12.31"]
[Round "9"]
[White "Zugic, Igor"]
[Black "Wu, Douglas"]
[Result "1/2-1/2"]
[WhiteElo "2277"]
[BlackElo "2001"]
[PlyCount "41"]
[EventDate "1996.12.27"]
[EventType "tourn"]
[EventRounds "11"]
[EventCountry "CAN"]

1. d4 Nf6 2. Bg5 e6 3. e4 Be7 4. Bxf6 Bxf6 5. Nf3 d5 6. Nbd2 Nd7 7. e5 Be7 8.
c3 c5 9. Bb5 O-O 10. O-O a6 11. Bxd7 Bxd7 12. dxc5 Bxc5 13. Nb3 Ba7 14. Kh1 Bb5
15. Qd2 Bxf1 16. Rxf1 Rc8 17. Nfd4 Bxd4 18. Nxd4 Qe7 19. f4 f5 20. exf6 Qxf6
21. Rf3 1/2-1/2

[Event "CAN-ch U20 1996-97"]
[Site "Edmonton CAN"]
[Date "1997.01.01"]
[Round "10"]
[White "Zugic, Igor"]
[Black "Ho, Andrew"]
[Result "1/2-1/2"]
[WhiteElo "2277"]
[BlackElo "2277"]
[PlyCount "55"]
[EventDate "1996.12.27"]
[EventType "tourn"]
[EventRounds "11"]
[EventCountry "CAN"]

1. d4 g6 2. c4 Bg7 3. Nf3 d6 4. g3 Nf6 5. Bg2 O-O 6. O-O c5 7. d5 b5 8. cxb5 a6
9. bxa6 Bxa6 10. Nc3 Nbd7 11. Qc2 Ra7 12. Rd1 Qb8 13. Rb1 Rc8 14. h3 Rb7 15.
Bf1 Qc7 16. b3 Qb8 17. Nd2 c4 18. bxc4 Bxc4 19. Nxc4 Rxc4 20. Rxb7 Qxb7 21. e3
Rc5 22. Ba3 Nxd5 23. Bxc5 Nxc3 24. Ba3 Nxd1 25. Qxd1 Ne5 26. Bg2 Qa6 27. Qb3
Qe2 28. Bf1 1/2-1/2